|
|
|
|
| LEADER |
02713nam a2200445 a 4500 |
| 001 |
mzk03001038280 |
| 003 |
CZ BrMZK |
| 005 |
20181002173424.0 |
| 007 |
ta |
| 008 |
060816s1615 gw i fr|||||00| ||latod |
| 040 |
|
|
|a BOA001
|b cze
|
| 041 |
1 |
|
|a lat
|h ita
|
| 072 |
|
7 |
|a 094
|x Staré tisky
|2 Konspekt
|9 12
|
| 080 |
|
|
|a (0.068)094
|2 MRF
|
| 100 |
1 |
|
|a Guevara, Antonio de,
|d asi 1480-1545
|7 js20020116033
|4 aut
|
| 245 |
1 |
0 |
|a Horologium Principum, Sive de vita M. Aurelii Imp. Libri III. /
|c ab illustri Viro Dn. Antonio de Guevara, Episcopo Accitano, D. Caroli V. Imp. Consiliario & Historico compositi, Illustrissimi ac Celsissimi Principis, Dn. Friderici VVilhelmi Ducis Saxoniae, &c. jussu ex lingua Castellana, adhibitis Gallicis & Italicis versionibus, in Latinam linguam traducti, Et Myriadae, cui nunc Chiliades aliquot accesserunt, lectissimarum sententiarum exornati atque illustrati, additis indicibus necessariis, & Notatione locorum, ex quibus marginum illustramenta, quae pro Notis esse queunt, depromta sunt. Operâ & studio Johannis VVanckelii
|
| 250 |
|
|
|a Editio Quarta
|
| 260 |
|
|
|a Lipsiae :
|b Typis & sumptibus Henningi Grosii Senioris. Bibliopolae. Excusum per Justum Jansonium Danum,
|c 1615
|
| 300 |
|
|
|a [72], 695, [27] s. ;
|c 2°
|
| 500 |
|
|
|a Výzdoba: Titulní strana tištěna červeně a černě, nad impresem mědirytinový znak saského kurfiřta, signet s devízou (Fortitudo mea et laus Jehoua et factus est mihi in salutem. Exodi 15), vlysy, iniciály, viněty
|
| 510 |
4 |
|
|a VD17,
|c VD17 1:002056U
|u https://gso.gbv.de/DB=1.28/CMD?ACT=SRCHA&IKT=8002&TRM=%271:002056U%27
|
| 561 |
|
|
|a Provenience: Conventus Olomucensis [Ord. Fr. Minor.] ad S. Jacobum
|
| 561 |
|
|
|a Provenience: Sum Ex Libris P. M. Paulini Zaczkovitz
|
| 561 |
|
|
|a Provenience: [razítko] Franzmuseum D.K.K.M.S. Ackerbaugesellschaft
|
| 563 |
|
|
|a Původní pergamenová vazba
|
| 655 |
|
7 |
|a staré tisky
|7 fd422076
|2 czenas
|
| 700 |
1 |
|
|a Friedrich Wilhelm,
|c Kurfürst von Sachsen
|4 hnr
|
| 700 |
1 |
|
|a Wanckel, Johannes,
|d 1554-1616
|7 mzk2009533321
|4 aut
|
| 856 |
4 |
2 |
|u http://digitale.bibliothek.uni-halle.de/vd17/content/pageview/12865443
|y Digitalizovaný dokument
|z Exemplář z Universitäts- und Landesbibliothek Sachsen-Anhalt, sig. AB 82513
|
| 856 |
4 |
1 |
|u https://imageserver.mzk.cz/mzk03/001/038/280/001038280.titul.jp2
|y Titulní list
|
| 903 |
|
|
|a RP
|
| 910 |
|
|
|a BOA001
|b ST3-0017.025
|
| 978 |
|
|
|b Grosse, Henning I
|a Leipzig
|c 1615
|
| 978 |
|
|
|b Jansonius, Justus
|a Leipzig
|c 1615
|
| 984 |
|
|
|a Lipsko
|b Německo
|
| 985 |
|
|
|a 1601-1650
|
| 990 |
|
|
|a BK
|
| 993 |
|
|
|a Y
|
| 991 |
|
|
|k mzk
|
| 996 |
6 |
|
|b 2619296456
|c ST3-0017.025
|l stud. ST
|r Sklad / do násl. otevíracího dne
|n 0
|w 001039080
|u 000010
|a 1
|e BOA001
|s P
|